Danse avec les Stars - Partenaires de Katrina Patchett - Statistiques

Statistiques générales
  • Ce quiz a été pris 34 fois
    18 depuis la dernière actualisation
  • Le résultat moyen est 8 sur 13
Statistiques - réponses
Saisons Professions Célébrités.ées % Correct
Saison 1 Chanteur M. Pokora
100%
Saison 14 Aventurier Koh-Lanta Claude Dartois
92%
Saison 15 Comédien Philippe Lellouche
92%
Saison 12 Judoka David Douillet
69%
Saison 10 Aventurier Koh-Lanta Moundir
69%
Saison 4 Danseur Brahim Zaibat
62%
Saison 5 Patineur artistique Brian Joubert
62%
Saison 9 Footballeur Basile Boli
54%
Saison 2 Tennisman Cédric Pioline
54%
Saison 8 Animateur Vincent Cerutti
54%
Saison 7 Présentateur Olivier Minne
54%
Saison 6 Chanteur Vincent Niclo
38%
Saison 3 Auteur-compositeur-interprète Bastian Baker
31%
Aucun quiz correspondant
Distribution des résultats
% des personnes avec chaque résultat
Percentile par nombre de réponses
Votre historique - résultats
Vous n’avez pas pris ce quiz depuis la dernière actualisation